[Event "XXXV Festival A"]
[Site "Arco ITA"]
[Date "2013.10.16"]
[Round "5"]
[White "Pagano, Sergio"]
[Black "Meister, Peter"]
[WhiteElo "1984"]
[BlackElo "2399"]
[Result "0-1"]
[PlyCount "61"]
[EventDate "2013.10.12"]

1. d4 g6 2. Nf3 Bg7 3. Bf4 d6 4. c3 Nd7 5. e4 e5 6. dxe5 dxe5 7. Bg5 Ngf6 8.
Nxe5 Nxe5 9. Qxd8+ Kxd8 10. f4 h6 11. fxe5 hxg5 12. exf6 Bxf6 13. Bc4 Ke7 14.
O-O Be6 15. Bxe6 Kxe6 16. Nd2 c5 17. Nc4 Rh4 18. e5 Be7 19. Nd6 Rah8 20. Nxf7
R8h7 21. Nd6 Rxh2 22. Rae1 g4 23. Ne4 c4 24. Re3 g3 25. Rxg3 Kxe5 26. Nf2 Bc5
27. Re1+ Kd6 28. Rd1+ Kc7 29. Rd4 Bxd4 30. cxd4 R7h4 31. d5 0-1

[Event "XXXV Festival A"]
[Site "Arco ITA"]
[Date "2013.10.16"]
[Round "5"]
[White "Pedersen, Henrik Bolding"]
[Black "Huemmer, Bernd"]
[WhiteElo "2123"]
[BlackElo "2195"]
[Result "1/2-1/2"]
[PlyCount "30"]
[EventDate "2013.10.12"]

1. e4 g6 2. d4 Bg7 3. Nc3 c6 4. Be3 d5 5. Qd2 dxe4 6. Nxe4 Nd7 7. Nf3 Ngf6 8.
Nc3 Nb6 9. h3 Be6 10. Ne5 Nbd5 11. Nxd5 Nxd5 12. Be2 Nxe3 13. Qxe3 Qb6 14. O-O
Rd8 15. c3 O-O 1/2-1/2

[Event "XXXV Festival A"]
[Site "Arco ITA"]
[Date "2013.10.16"]
[Round "5"]
[White "Perman, Sergey"]
[Black "Vezzosi, Paolo"]
[WhiteElo "2133"]
[BlackElo "2267"]
[Result "1-0"]
[PlyCount "43"]
[EventDate "2013.10.12"]

1. e4 c5 2. Nf3 e6 3. c3 Nf6 4. e5 Nd5 5. d4 cxd4 6. cxd4 Be7 7. Nc3 Nxc3 8.
bxc3 Qc7 9. Bd2 b6 10. Bd3 Ba6 11. Bxa6 Nxa6 12. Qe2 Qb7 13. O-O O-O 14. Qd3 h6
15. Rfe1 Nc7 16. Re4 Qa6 17. Qc2 Nd5 18. Rg4 Kh8 19. Rg3 Rac8 20. Bxh6 gxh6 21.
Qd2 Kh7 22. Rh3 1-0

[Event "XXXV Festival A"]
[Site "Arco ITA"]
[Date "2013.10.16"]
[Round "5"]
[White "Rahls, Peter"]
[Black "Castellano, Alfonso"]
[WhiteElo "2228"]
[BlackElo "1915"]
[Result "1-0"]
[PlyCount "135"]
[EventDate "2013.10.12"]

1. e4 c5 2. c3 Nf6 3. e5 Nd5 4. d4 cxd4 5. cxd4 Nc6 6. Nc3 Nxc3 7. bxc3 d6 8.
f4 e6 9. Nf3 Be7 10. Bd3 g6 11. O-O O-O 12. Be3 b6 13. Qe1 Bb7 14. h4 Kh8 15.
h5 gxh5 16. exd6 Qxd6 17. Qg3 Rg8 18. Qh3 Rg7 19. Qxh5 Rag8 20. Rf2 f5 21. Rd1
Bf6 22. Ng5 Nd8 23. c4 Qe7 24. Bf1 Nf7 25. Nxf7+ Rxf7 26. d5 Rfg7 27. Bd4 Bxd4
28. Rxd4 Qc5 29. Qd1 Rd7 30. Kh1 Rg4 31. Be2 Rh4+ 32. Kg1 e5 33. g3 exd4 34.
gxh4 Rg7+ 35. Kf1 Ba6 36. Qd3 Bc8 37. Bf3 Re7 38. Rd2 Re3 39. Qxd4+ Qxd4 40.
Rxd4 Rxf3+ 41. Ke2 Rh3 42. d6 Bd7 43. Rd5 Rxh4 44. Ke3 Rh6 45. Kd4 Rf6 46. c5
bxc5+ 47. Kxc5 h5 48. Rd3 Rf7 49. Ra3 h4 50. Rxa7 h3 51. Ra8+ Kg7 52. Ra3 Kg6
53. Rxh3 Rf8 54. Re3 Rc8+ 55. Kd5 Kf6 56. Re7 Bc6+ 57. Kc5 Ba4+ 58. Rc7 Rxc7+
59. dxc7 Bd7 60. Kd6 Bc8 61. a4 Kf7 62. a5 Kf6 63. Kd5 Bb7+ 64. Kc5 Ke6 65. Kb6
Bc8 66. a6 Bxa6 67. Kxa6 Kd7 68. Kb7 1-0

[Event "XXXV Festival A"]
[Site "Arco ITA"]
[Date "2013.10.16"]
[Round "5"]
[White "Simeone, Giulio"]
[Black "Popa, Claudiu"]
[WhiteElo "2014"]
[BlackElo "2136"]
[Result "1-0"]
[PlyCount "97"]
[EventDate "2013.10.12"]

1. c4 e5 2. Nc3 Nf6 3. Nf3 Nc6 4. e3 d5 5. cxd5 Nxd5 6. Bb5 Nxc3 7. bxc3 Bd6 8.
Qc2 O-O 9. Rb1 Qf6 10. d4 e4 11. Nd2 Qg6 12. Bf1 f5 13. Ba3 b6 14. g3 Kh8 15.
Bxd6 Qxd6 16. Bb5 Na5 17. O-O Bb7 18. Rfc1 Rad8 19. Bf1 c5 20. Nb3 Nxb3 21.
Qxb3 Bd5 22. c4 Bf7 23. d5 Bh5 24. a4 Bf3 25. Bg2 Bxg2 26. Kxg2 Rf6 27. a5 Rg6
28. axb6 axb6 29. Ra1 Rf8 30. Ra6 f4 31. exf4 Qxf4 32. Qe3 Qxe3 33. fxe3 h5 34.
Rf1 Rb8 35. Rf4 Re8 36. Rf7 Rb8 37. Re7 Rg5 38. Rxe4 b5 39. d6 Rd8 40. cxb5 Rd5
41. Rc6 R8xd6 42. Rxd6 Rxd6 43. Re5 c4 44. Rxh5+ Kg8 45. Rc5 Rd2+ 46. Kf3 Rb2
47. Ke4 c3 48. Kd5 c2 49. Ke4 1-0

[Event "XXXV Festival A"]
[Site "Arco ITA"]
[Date "2013.10.16"]
[Round "5"]
[White "Van Der Heijden, Anton"]
[Black "Wild, Helmut"]
[WhiteElo "2300"]
[BlackElo "1973"]
[Result "1-0"]
[PlyCount "73"]
[EventDate "2013.10.12"]

1. d4 d5 2. c4 c6 3. Nf3 Nf6 4. Nc3 a6 5. Ne5 e6 6. g3 Nbd7 7. Bg2 Bd6 8. f4
O-O 9. O-O Ne8 10. e4 Bxe5 11. dxe5 dxc4 12. Be3 Qa5 13. Qe2 b5 14. a4 b4 15.
Nb1 c3 16. bxc3 b3 17. Qb2 Rb8 18. Nd2 c5 19. Nxb3 Qb6 20. Rab1 a5 21. Rfd1 Qc7
22. Qa3 c4 23. Nd4 Rxb1 24. Rxb1 Qc5 25. Qxc5 Nxc5 26. Nc6 Nxa4 27. Ne7+ Kh8
28. Nxc8 Nxc3 29. Rb7 Nd1 30. Bc1 f6 31. Bf3 Nc3 32. Ba3 Rg8 33. Ne7 Na2 34.
Nxg8 c3 35. Bh5 g6 36. Nxf6 gxh5 37. Rxh7# 1-0

[Event "XXXV Festival A"]
[Site "Arco ITA"]
[Date "2013.10.17"]
[Round "6"]
[White "Ager, Josef"]
[Black "Niccoli, Paolo"]
[WhiteElo "2168"]
[BlackElo "1870"]
[Result "1-0"]
[PlyCount "51"]
[EventDate "2013.10.12"]

1. d4 g6 2. Nf3 Bg7 3. c3 d6 4. Bg5 h6 5. Bh4 Nf6 6. Nbd2 O-O 7. e3 c5 8. Be2
cxd4 9. exd4 Nc6 10. O-O Bf5 11. Re1 Re8 12. Nc4 g5 13. d5 Na5 14. Ne3 Bg6 15.
Bg3 b6 16. Nd4 Ne4 17. Bb5 Rf8 18. Nef5 Nxg3 19. Nxe7+ Kh7 20. hxg3 Bxd4 21.
Qxd4 a6 22. Nxg6 fxg6 23. Bd3 Nb7 24. Re6 Rg8 25. Rae1 Rg7 26. Bxg6+ 1-0

[Event "XXXV Festival A"]
[Site "Arco ITA"]
[Date "2013.10.17"]
[Round "6"]
[White "Ambartsumova, Karina"]
[Black "Karl, Hans"]
[WhiteElo "2320"]
[BlackElo "2131"]
[Result "1/2-1/2"]
[PlyCount "30"]
[EventDate "2013.10.12"]

1. e4 e5 2. Nf3 Nc6 3. Bb5 a6 4. Ba4 Nf6 5. O-O d6 6. d4 b5 7. Bb3 Nxd4 8. Nxd4
exd4 9. Bd5 Nxd5 10. exd5 Be7 11. Qxd4 O-O 12. Nd2 Bf5 13. Ne4 Bxe4 14. Qxe4
Bf6 15. c3 Qd7 1/2-1/2

[Event "XXXV Festival A"]
[Site "Arco ITA"]
[Date "2013.10.17"]
[Round "6"]
[White "Cardili, Mariano"]
[Black "Di Lazzaro, Gabriele"]
[WhiteElo "2127"]
[BlackElo "1936"]
[Result "1/2-1/2"]
[PlyCount "177"]
[EventDate "2013.10.12"]

1. d4 Nf6 2. c4 c5 3. d5 b5 4. cxb5 a6 5. bxa6 g6 6. Nc3 Bxa6 7. Nf3 Bg7 8. e4
Bxf1 9. Kxf1 d6 10. h3 O-O 11. Kg1 Nbd7 12. Kh2 Nb6 13. Re1 Nfd7 14. Qe2 Na4
15. Nxa4 Rxa4 16. Bg5 h6 17. Bh4 g5 18. Bg3 Qa8 19. a3 Rb8 20. Rab1 c4 21. e5
Qxd5 22. exd6 e6 23. Red1 Qc5 24. Qc2 Ra6 25. Rdc1 f5 26. Qe2 e5 27. Rxc4 Qxd6
28. Kh1 f4 29. Bh2 Rc6 30. Nd2 Rbc8 31. Rbc1 Qd5 32. Rxc6 Rxc6 33. Rxc6 Qxc6
34. Qc4+ Qxc4 35. Nxc4 Kf8 36. f3 Ke7 37. Bg1 Ke6 38. Bf2 Nb8 39. h4 Kd5 40.
Nd2 Kc6 41. hxg5 hxg5 42. Kh2 Kb5 43. Ne4 Kc4 44. Be1 Nc6 45. Kh3 Nd4 46. Kg4
Nc2 47. Bc3 Ne3+ 48. Kxg5 Nxg2 49. Kg6 Bf8 50. Kf7 Bc5 51. Nxc5 Kxc5 52. Bxe5
Ne1 53. Bxf4 Nxf3 54. Ke6 Ne1 55. Bd6+ Kb5 56. Kd5 Nd3 57. b3 Nb2 58. Be5 Nd3
59. Bc3 Nf4+ 60. Kd6 Ne2 61. a4+ Kb6 62. Bd2 Ng3 63. Kd5 Nf5 64. b4 Ne7+ 65.
Kc4 Nf5 66. a5+ Kb7 67. Kc5 Ng3 68. Kb5 Nf5 69. a6+ Ka8 70. Kc5 Ne7 71. b5 Nc8
72. Bg5 Kb8 73. Bf4+ Ka8 74. Bc7 Ka7 75. Bd8 Kb8 76. Bh4 Ka7 77. Bf2 Ka8 78.
Kc6 Ne7+ 79. Kd7 Nd5 80. Kd6 Nc7 81. b6 Nxa6 82. Kc6 Nb8+ 83. Kc7 Na6+ 84. Kc8
Nc5 85. Kc7 Na6+ 86. Kc6 Nb8+ 87. Kc7 Na6+ 88. Kc8 Nc5 89. Bxc5 1/2-1/2

[Event "XXXV Festival A"]
[Site "Arco ITA"]
[Date "2013.10.17"]
[Round "6"]
[White "De Santis, Alessio"]
[Black "Rahls, Peter"]
[WhiteElo "2294"]
[BlackElo "2228"]
[Result "0-1"]
[PlyCount "74"]
[EventDate "2013.10.12"]

1. d4 Nf6 2. c4 c6 3. Nc3 d5 4. e3 a6 5. a4 g6 6. Nf3 Bg7 7. Be2 O-O 8. O-O Re8
9. b4 Bg4 10. Bb2 Nbd7 11. cxd5 cxd5 12. a5 e6 13. h3 Bxf3 14. Bxf3 b5 15. e4
dxe4 16. Nxe4 Nxe4 17. Bxe4 Ra7 18. Rc1 Qe7 19. Qb3 Nf6 20. Bc6 Rd8 21. Rc5 Nd7
22. Rc2 Nb8 23. Bf3 Rad7 24. d5 exd5 25. Bxg7 Kxg7 26. Rd1 d4 27. Rcd2 Qe6 28.
Qb2 Qf6 29. Rd3 Rd6 30. Bb7 Nc6 31. Bxa6 Rb8 32. f3 Ne5 33. Rxd4 Rxa6 34. Qf2
Nc4 35. Qg3 Re8 36. h4 Ne3 37. R1d3 Nf5 0-1

[Event "XXXV Festival A"]
[Site "Arco ITA"]
[Date "2013.10.17"]
[Round "6"]
[White "Giancotti, Eraldo"]
[Black "Beltrami, Nerio"]
[WhiteElo "2025"]
[BlackElo "1908"]
[Result "1-0"]
[PlyCount "53"]
[EventDate "2013.10.12"]

1. d4 g6 2. Nf3 Bg7 3. Bf4 d6 4. c3 Nf6 5. h3 O-O 6. e3 c5 7. Be2 cxd4 8. cxd4
Nc6 9. Nc3 Qb6 10. Qd2 Bf5 11. O-O Rac8 12. Bg5 Rfe8 13. Bxf6 exf6 14. Nb5 Ne7
15. Qb4 Rc6 16. a4 Nd5 17. Qb3 Be6 18. a5 Nf4 19. exf4 Bxb3 20. axb6 a6 21. Nc3
Rxc3 22. bxc3 Rxe2 23. Rfe1 Rxe1+ 24. Rxe1 Kf8 25. Nd2 Ba4 26. Nc4 d5 27. Na5
1-0

[Event "XXXV Festival A"]
[Site "Arco ITA"]
[Date "2013.10.17"]
[Round "6"]
[White "Joerges, Frank"]
[Black "Dittmar, Peter"]
[WhiteElo "1926"]
[BlackElo "2323"]
[Result "0-1"]
[PlyCount "54"]
[EventDate "2013.10.12"]

1. d4 Nf6 2. c3 d5 3. Nf3 c5 4. e3 cxd4 5. exd4 Nc6 6. Bd3 Bg4 7. Bf4 Qb6 8. b3
e6 9. h3 Bh5 10. g4 Bg6 11. Ne5 Nxe5 12. Bxe5 Nd7 13. Bf4 Rc8 14. h4 Bd6 15.
Bxd6 Qxd6 16. Bxg6 hxg6 17. Qf3 e5 18. dxe5 Nxe5 19. Qe2 O-O 20. Rh3 Rfe8 21.
Kf1 d4 22. c4 Nxc4 23. Qd1 Ne5 24. Nd2 Qd7 25. Rg3 Rc3 26. Nc4 Rxg3 27. Nxe5
Qb5+ 0-1

[Event "XXXV Festival A"]
[Site "Arco ITA"]
[Date "2013.10.17"]
[Round "6"]
[White "Knors, Rudi"]
[Black "Karpatchev, Aleksandr"]
[WhiteElo "2100"]
[BlackElo "2461"]
[Result "0-1"]
[PlyCount "60"]
[EventDate "2013.10.12"]

1. d4 d5 2. Nf3 Nc6 3. Bf4 Bg4 4. e3 e6 5. Be2 Bd6 6. Bg3 h5 7. Bxd6 Qxd6 8. c3
Bxf3 9. Bxf3 Nf6 10. Nd2 e5 11. Qa4 a6 12. Be2 O-O 13. Qd1 g6 14. O-O Rfe8 15.
Bf3 Re7 16. a3 Kg7 17. Re1 Rae8 18. Rf1 g5 19. Qc2 g4 20. Bd1 Qd7 21. b4 Rh8
22. Qd3 h4 23. Bc2 e4 24. Qe2 Nd8 25. Kh1 Ne6 26. f4 exf3 27. gxf3 Nf4 28. Qf2
g3 29. Rg1 Kf8 30. Qe1 Qh3 0-1

[Event "XXXV Festival A"]
[Site "Arco ITA"]
[Date "2013.10.17"]
[Round "6"]
[White "Kveinys, Aloyzas"]
[Black "Bruno, Fabio"]
[WhiteElo "2511"]
[BlackElo "2408"]
[Result "1/2-1/2"]
[PlyCount "23"]
[EventDate "2013.10.12"]

1. d4 d5 2. Nf3 Nf6 3. c4 c6 4. e3 e6 5. Bd3 dxc4 6. Bxc4 Nbd7 7. O-O Bd6 8.
Nc3 O-O 9. Qc2 b5 10. Be2 Bb7 11. Rd1 Qb8 12. a3 1/2-1/2

[Event "XXXV Festival A"]
[Site "Arco ITA"]
[Date "2013.10.17"]
[Round "6"]
[White "Meister, Peter"]
[Black "Xia, Jie"]
[WhiteElo "2399"]
[BlackElo "2282"]
[Result "1-0"]
[PlyCount "97"]
[EventDate "2013.10.12"]

1. d4 Nf6 2. Nf3 e6 3. e3 d5 4. Bd3 c5 5. b3 Nc6 6. Bb2 cxd4 7. exd4 Ne4 8. O-O
f5 9. c4 Bd6 10. Nc3 Nxc3 11. Bxc3 O-O 12. c5 Bc7 13. Qd2 a5 14. a3 Qf6 15.
Rfe1 h6 16. b4 axb4 17. axb4 Rxa1 18. Bxa1 Bd7 19. b5 Ne7 20. Bc3 Ra8 21. Qb2
Ng6 22. Bf1 Nf4 23. Kh1 Qg6 24. Ne5 Bxe5 25. Rxe5 Kh7 26. Re1 Ra4 27. Bd2 Nh5
28. Ra1 Rxa1 29. Qxa1 Nf6 30. f3 Qe8 31. Qb2 Qa8 32. Kg1 g5 33. Kf2 Qc8 34. Qb4
Kg6 35. Bd3 h5 36. h4 gxh4 37. Bc1 Qb8 38. Qe1 Qh2 39. Qe5 Qh1 40. Qe1 Qh2 41.
Qe5 Qh1 42. Qf4 h3 43. gxh3 Kf7 44. Bf1 h4 45. Qc7 Kg6 46. Bf4 Nh5 47. Be5 Be8
48. Qe7 Bf7 49. Qxh4 1-0

[Event "XXXV Festival A"]
[Site "Arco ITA"]
[Date "2013.10.17"]
[Round "6"]
[White "Perman, Sergey"]
[Black "Van Der Heijden, Anton"]
[WhiteElo "2133"]
[BlackElo "2300"]
[Result "1/2-1/2"]
[PlyCount "47"]
[EventDate "2013.10.12"]

1. e4 c5 2. Nf3 e6 3. d4 cxd4 4. Nxd4 Nf6 5. Nc3 d6 6. Be2 Be7 7. O-O O-O 8. f4
a6 9. a4 Nc6 10. Be3 Qc7 11. Kh1 Bd7 12. Nb3 b6 13. Bf3 Bc8 14. Qe2 Bb7 15. Qf2
Nd7 16. Nd4 Nxd4 17. Bxd4 e5 18. Be3 exf4 19. Bxf4 Bf6 20. Rad1 Be5 21. Bxe5
dxe5 22. Nd5 Bxd5 23. Rxd5 Nf6 24. Rd2 1/2-1/2

[Event "XXXV Festival A"]
[Site "Arco ITA"]
[Date "2013.10.17"]
[Round "6"]
[White "Romagnoli, Roberto"]
[Black "Hilbenz, Guntram"]
[WhiteElo "2079"]
[BlackElo "1909"]
[Result "0-1"]
[PlyCount "58"]
[EventDate "2013.10.12"]

1. c4 d6 2. Nc3 e5 3. g3 Nf6 4. Bg2 Be7 5. d3 O-O 6. Nf3 c6 7. O-O Be6 8. Ng5
Bd7 9. a3 h6 10. Nge4 Be6 11. Nxf6+ Bxf6 12. e4 a5 13. Rb1 Na6 14. Be3 Nc7 15.
Bb6 Ra6 16. Bxc7 Qxc7 17. b4 axb4 18. axb4 Ra3 19. Qc2 Rfa8 20. Qb2 Qb6 21. Ra1
Qa7 22. Rxa3 Qxa3 23. Rb1 Qxb2 24. Rxb2 Ra3 25. Nd1 Rxd3 26. Ne3 Bg5 27. Bf1
Rc3 28. b5 Bxe3 29. bxc6 bxc6 0-1

[Event "XXXV Festival A"]
[Site "Arco ITA"]
[Date "2013.10.17"]
[Round "6"]
[White "Tocco, Paolo"]
[Black "Ottaviani, Gianluca"]
[WhiteElo "2133"]
[BlackElo "1983"]
[Result "1-0"]
[PlyCount "79"]
[EventDate "2013.10.12"]

1. d4 Nf6 2. Nc3 d5 3. e4 Nxe4 4. Nxe4 dxe4 5. Bc4 Nc6 6. c3 e5 7. d5 Ne7 8. f3
Nf5 9. Bb5+ Bd7 10. Bxd7+ Qxd7 11. fxe4 Nd6 12. Qe2 O-O-O 13. Nf3 f6 14. O-O
Qg4 15. Re1 Be7 16. c4 Nf7 17. Bd2 g5 18. b4 h5 19. c5 Kb8 20. a4 h4 21. a5 h3
22. g3 f5 23. Bc3 Bf6 24. Nd2 Qxe2 25. Rxe2 f4 26. a6 b6 27. Nc4 Rhe8 28. d6
Re6 29. dxc7+ Kxc7 30. cxb6+ axb6 31. a7 Ra8 32. b5 Be7 33. gxf4 Bc5+ 34. Kf1
gxf4 35. Rd2 f3 36. Rd3 f2 37. Rxh3 Rg6 38. Rh7 Rf6 39. Bxe5+ Kd7 40. Bxf6 1-0

[Event "XXXV Festival A"]
[Site "Arco ITA"]
[Date "2013.10.17"]
[Round "6"]
[White "Trauth, Michael"]
[Black "Goli, Daniele"]
[WhiteElo "2182"]
[BlackElo "1971"]
[Result "1-0"]
[PlyCount "63"]
[EventDate "2013.10.12"]

1. Nf3 c5 2. c4 Nc6 3. g3 Nf6 4. Bg2 e6 5. O-O Be7 6. b3 O-O 7. Bb2 Rb8 8. Nc3
d5 9. e3 a6 10. cxd5 exd5 11. d4 b6 12. Rc1 Bb7 13. Ne5 Nxe5 14. dxe5 Ne4 15.
Nxe4 dxe4 16. Qg4 Qd5 17. e6 Qg5 18. exf7+ Rxf7 19. Qe6 Bd5 20. Qe5 Qxe5 21.
Bxe5 Rb7 22. Rfd1 Bc6 23. Rc4 b5 24. Rxe4 Rd7 25. Rxd7 Bxd7 26. Rf4 Rxf4 27.
gxf4 Be6 28. Be4 c4 29. Bc2 g6 30. Kf1 Kf7 31. Ke2 Bb4 32. Bd4 1-0

[Event "XXXV Festival A"]
[Site "Arco ITA"]
[Date "2013.10.17"]
[Round "6"]
[White "Valenti, Giuseppe"]
[Black "Simeone, Giulio"]
[WhiteElo "2177"]
[BlackElo "2014"]
[Result "1-0"]
[PlyCount "103"]
[EventDate "2013.10.12"]

1. e4 d6 2. d4 Nf6 3. Nc3 g6 4. h3 Bg7 5. Bg5 O-O 6. Qd2 c5 7. dxc5 dxc5 8.
O-O-O Qa5 9. Bc4 Nc6 10. Nf3 b5 11. Bxf6 Bxf6 12. Nxb5 Ba6 13. Qxa5 Nxa5 14.
Bf1 Bxb5 15. Bxb5 Rfb8 16. e5 Bxe5 17. Nxe5 Rxb5 18. c4 Rbb8 19. Rd5 f6 20. Nd7
Rc8 21. b3 Nb7 22. g4 Rc7 23. h4 Kf7 24. g5 Re8 25. Re1 Rd8 26. Red1 Kg7 27.
gxf6+ exf6 28. Nxf6 Rxd5 29. Nxd5 Rf7 30. f4 Nd6 31. Rh1 h5 32. Kd2 Nf5 33. Kd3
Rf8 34. a3 Kf7 35. b4 cxb4 36. axb4 Ke6 37. Rh2 Kd6 38. Ra2 Nxh4 39. Ra6+ Kd7
40. Rxa7+ Kd6 41. Ra6+ Kd7 42. b5 Ng2 43. Rxg6 Nxf4+ 44. Nxf4 Rxf4 45. Rh6 h4
46. Kc3 Rf3+ 47. Kb4 h3 48. Kc5 Re3 49. Rh7+ Ke6 50. b6 Rb3 51. Kc6 Kf5 52. b7
1-0

[Event "XXXV Festival A"]
[Site "Arco ITA"]
[Date "2013.10.17"]
[Round "6"]
[White "Zucchelli, Massimo"]
[Black "Pedersen, Henrik Bolding"]
[WhiteElo "2199"]
[BlackElo "2123"]
[Result "0-1"]
[PlyCount "92"]
[EventDate "2013.10.12"]

1. d4 Nf6 2. c4 e6 3. Nc3 Nc6 4. Nf3 Bb4 5. Bd2 Bxc3 6. Bxc3 Ne4 7. Rc1 O-O 8.
g3 d6 9. Bg2 Qe7 10. d5 Nxc3 11. Rxc3 Nb8 12. dxe6 fxe6 13. Nd4 c6 14. O-O e5
15. Nc2 a5 16. Qd2 Na6 17. Rd1 Rf6 18. Rd3 Bf5 19. e4 Bg4 20. f3 Bh5 21. g4 Bf7
22. Ne3 Nc5 23. Rxd6 Rxd6 24. Qxd6 Qxd6 25. Rxd6 a4 26. Bf1 Kf8 27. Kf2 Be6 28.
Rd2 Ke7 29. Be2 h5 30. Nf5+ Kf6 31. Ke3 hxg4 32. fxg4 Rh8 33. h4 Bxf5 34. exf5
Rxh4 35. Rd6+ Ke7 36. Rg6 Rh3+ 37. Kf2 Rh2+ 38. Kf1 Kf7 39. b4 axb3 40. axb3
Nxb3 41. c5 Nxc5 42. Bc4+ Kf8 43. Rd6 Ke7 44. Rg6 Kf8 45. Rd6 Rc2 46. Be6 Ke7
0-1

[Event "XXXV Festival A"]
[Site "Arco ITA"]
[Date "2013.10.18"]
[Round "7"]
[White "Barlocco, Carlo"]
[Black "Ottaviani, Gianluca"]
[WhiteElo "2148"]
[BlackElo "1983"]
[Result "1/2-1/2"]
[PlyCount "128"]
[EventDate "2013.10.12"]

1. d4 Nf6 2. Nf3 g6 3. Nc3 d5 4. Bf4 Bg7 5. e3 O-O 6. Be2 Bg4 7. h3 Bxf3 8.
Bxf3 c6 9. O-O Qb6 10. Qd3 Nfd7 11. Na4 Qa5 12. Qb3 b5 13. Nc3 e5 14. dxe5 Nc5
15. Qa3 Qxa3 16. bxa3 Nbd7 17. Rad1 Bxe5 18. Bxe5 Nxe5 19. e4 Nxf3+ 20. gxf3
dxe4 21. fxe4 Rfd8 22. f3 Kf8 23. Kf2 Ke7 24. Ke3 Rxd1 25. Rxd1 Rd8 26. Rxd8
Kxd8 27. Ne2 Kd7 28. Nf4 Kd6 29. h4 Nd7 30. Nd3 Ne5 31. Nb2 f6 32. f4 Nd7 33.
a4 Kc5 34. axb5 cxb5 35. a3 a5 36. Nd3+ Kc4 37. Ne1 Kc3 38. Nf3 b4 39. axb4
Kxb4 40. Kd4 a4 41. Nd2 h6 42. c3+ Kb5 43. Nc4 g5 44. Na3+ Kc6 45. hxg5 hxg5
46. fxg5 fxg5 47. e5 Nc5 48. Nc2 g4 49. Nb4+ Kb5 50. Nc2 g3 51. c4+ Kb6 52. Ke3
Nd3 53. Kf3 Nxe5+ 54. Kxg3 Nxc4 55. Kf3 Kc5 56. Ke2 Nb2 57. Kd2 Kc4 58. Kc1 Kc3
59. Kb1 Nc4 60. Kc1 Kb3 61. Nd4+ Kc3 62. Nb5+ Kb4 63. Nd4 Kc5 64. Nc2 a3
1/2-1/2

[Event "XXXV Festival A"]
[Site "Arco ITA"]
[Date "2013.10.18"]
[Round "7"]
[White "Bisignano, Giuseppe"]
[Black "Vezzosi, Paolo"]
[WhiteElo "1908"]
[BlackElo "2267"]
[Result "0-1"]
[PlyCount "70"]
[EventDate "2013.10.12"]

1. e4 c5 2. Nf3 Nc6 3. d4 cxd4 4. Nxd4 Qc7 5. Be3 e6 6. a3 Nf6 7. Nc3 d6 8. Bc4
a6 9. O-O Ne5 10. Be2 b5 11. f3 Nc4 12. Qc1 Nxe3 13. Qxe3 Be7 14. f4 Bb7 15.
Bf3 Rd8 16. Rad1 O-O 17. Kh1 Qc5 18. Qe1 Rfe8 19. f5 e5 20. Nb3 Qc7 21. g4 h6
22. Qg3 d5 23. exd5 Bxa3 24. g5 hxg5 25. Qxg5 Bf8 26. Rg1 Nh7 27. Qg3 b4 28. d6
Rxd6 29. Rxd6 Qxd6 30. Bxb7 bxc3 31. Qxc3 e4 32. Nc5 Qxc5 33. Rxg7+ Kh8 34.
Rxh7+ Kxh7 35. Qf6 Qe7 0-1

[Event "XXXV Festival A"]
[Site "Arco ITA"]
[Date "2013.10.18"]
[Round "7"]
[White "Bruno, Fabio"]
[Black "Valenti, Giuseppe"]
[WhiteElo "2408"]
[BlackElo "2177"]
[Result "1-0"]
[PlyCount "95"]
[EventDate "2013.10.12"]

1. d4 Nf6 2. Nf3 e6 3. e3 c5 4. Bd3 cxd4 5. exd4 d6 6. O-O Be7 7. c4 Nbd7 8.
Nc3 O-O 9. Re1 Re8 10. h3 b6 11. Bf4 a6 12. Bg3 Bb7 13. d5 e5 14. Qd2 g6 15.
Bh4 Qc7 16. Rac1 Bf8 17. Bg5 Bg7 18. Bf1 Rab8 19. Be3 Rec8 20. b4 Qd8 21. Ng5
Qf8 22. f4 h6 23. Nf3 Ba8 24. a3 Re8 25. fxe5 Nxe5 26. Nxe5 Rxe5 27. Bd4 Rxe1
28. Rxe1 Qd8 29. Qf2 Nd7 30. Bxg7 Kxg7 31. Ne4 Ne5 32. Qd4 f6 33. Be2 f5 34.
Nd2 Qf6 35. Nb3 a5 36. Qd2 Bb7 37. Nd4 Ra8 38. b5 Re8 39. Kh1 Bc8 40. Rd1 Bd7
41. Nc6 Nf7 42. Bd3 Qg5 43. Qb2+ Kh7 44. Qd4 Qe3 45. Qf6 Rf8 46. Bf1 Be8 47. c5
dxc5 48. d6 1-0

[Event "XXXV Festival A"]
[Site "Arco ITA"]
[Date "2013.10.18"]
[Round "7"]
[White "De Eccher, Stefano"]
[Black "Tocco, Paolo"]
[WhiteElo "2239"]
[BlackElo "2133"]
[Result "1-0"]
[PlyCount "48"]
[EventDate "2013.10.12"]

1. e4 e5 2. Nf3 Nc6 3. Be2 Nf6 4. d3 Be7 5. O-O O-O 6. c3 d5 7. Nbd2 Re8 8. b4
a6 9. Re1 d4 10. cxd4 Nxd4 11. a3 c5 12. Nxd4 cxd4 13. Nc4 Qc7 14. f4 exf4 15.
Rf1 b5 16. Bxf4 Qa7 17. Nd2 Be6 18. Kh1 Rac8 19. Nf3 Nh5 20. Bd2 Nf6 21. Ng5
Qd7 22. a4 h6 23. axb5 axb5 24. Nxe6 Qxe6 1-0

[Event "XXXV Festival A"]
[Site "Arco ITA"]
[Date "2013.10.18"]
[Round "7"]
[White "Di Lazzaro, Gabriele"]
[Black "Popa, Claudiu"]
[WhiteElo "1936"]
[BlackElo "2136"]
[Result "1/2-1/2"]
[PlyCount "81"]
[EventDate "2013.10.12"]

1. d4 d5 2. Nc3 Nf6 3. Bg5 c6 4. e3 Bf5 5. Bd3 Bxd3 6. Qxd3 Nbd7 7. Nf3 e6 8.
a3 Be7 9. O-O O-O 10. Rfe1 Re8 11. Bxf6 Bxf6 12. e4 g6 13. e5 Bg7 14. Ne2 c5
15. c4 dxc4 16. Qxc4 Qb6 17. dxc5 Qxc5 18. Qxc5 Nxc5 19. Ned4 Nd3 20. Re2 Red8
21. Rd1 Nf4 22. Rc2 Rac8 23. Rxc8 Rxc8 24. g3 Nd5 25. Rd2 Rc1+ 26. Kg2 Bh6 27.
Rc2 Kf8 28. b3 Ke7 29. Rxc1 Bxc1 30. a4 Bb2 31. Kf1 Nc3 32. Ke1 a6 33. Kd2 Ne4+
34. Ke3 Nc5 35. Kd2 Nd7 36. Kd3 Nc5+ 37. Kc2 Ba1 38. Kd2 Nd7 39. Kd3 Nc5+ 40.
Kd2 Ne4+ 41. Ke3 1/2-1/2

[Event "XXXV Festival A"]
[Site "Arco ITA"]
[Date "2013.10.18"]
[Round "7"]
[White "Dittmar, Peter"]
[Black "Perman, Sergey"]
[WhiteElo "2323"]
[BlackElo "2133"]
[Result "1-0"]
[PlyCount "75"]
[EventDate "2013.10.12"]

1. d4 Nf6 2. c4 g6 3. Nc3 Bg7 4. e4 d6 5. f3 O-O 6. Be3 c5 7. d5 Qa5 8. Qd2
Nbd7 9. Nh3 Ne5 10. Nf2 a6 11. Be2 Rb8 12. a4 b5 13. cxb5 c4 14. O-O axb5 15.
axb5 Qc7 16. Ra7 Rb7 17. Rfa1 Ned7 18. R7a4 Nb6 19. Bxb6 Qxb6 20. Rxc4 Bd7 21.
Ra6 Qd8 22. Rb4 Qb8 23. Qe3 Rc8 24. b6 Be8 25. Nb5 Rc5 26. Nd4 Qc8 27. Nd1 h5
28. Nc3 Kh7 29. Nb3 Nd7 30. Kf1 Bxc3 31. bxc3 Rxc3 32. Qd4 Rc2 33. Na5 Nc5 34.
Ra7 Rb8 35. Rxe7 Ra2 36. Nc6 Rba8 37. b7 Nxb7 38. Rbxb7 1-0

[Event "XXXV Festival A"]
[Site "Arco ITA"]
[Date "2013.10.18"]
[Round "7"]
[White "Facchetti, Gianni"]
[Black "Wild, Katharina"]
[WhiteElo "2080"]
[BlackElo "1892"]
[Result "1-0"]
[PlyCount "73"]
[EventDate "2013.10.12"]

1. e4 c6 2. d4 d5 3. f3 e6 4. Nc3 Bb4 5. Nge2 Ne7 6. a3 Ba5 7. Be3 O-O 8. Ng3
Nd7 9. b4 Bc7 10. e5 b6 11. f4 c5 12. Bd3 cxd4 13. Bxd4 Nc6 14. Bf2 Bb7 15. O-O
a6 16. Qh5 f5 17. exf6 Nxf6 18. Qh4 Qe7 19. Rae1 h6 20. Nh5 d4 21. Ne2 Nxh5 22.
Qxh5 Qf6 23. Bh4 Qf7 24. Qg4 b5 25. Ng3 Bxf4 26. Nh5 e5 27. g3 Bc8 28. Qd1 Bh3
29. gxf4 Bxf1 30. Rxf1 Qd5 31. Qg4 Ra7 32. Qg6 Ne7 33. Qh7+ Kf7 34. fxe5+ Ke8
35. Rxf8+ Kxf8 36. Qxg7+ Ke8 37. Nf6+ 1-0

[Event "XXXV Festival A"]
[Site "Arco ITA"]
[Date "2013.10.18"]
[Round "7"]
[White "Hilbenz, Guntram"]
[Black "De Santis, Alessio"]
[WhiteElo "1909"]
[BlackElo "2294"]
[Result "0-1"]
[PlyCount "84"]
[EventDate "2013.10.12"]

1. c4 b6 2. Nf3 Bb7 3. g3 Bxf3 4. exf3 c5 5. Bg2 Nc6 6. f4 g6 7. Nc3 Bg7 8. d3
Nh6 9. Be4 e6 10. O-O Nf5 11. Be3 h5 12. Qd2 h4 13. g4 Nfd4 14. f5 gxf5 15.
gxf5 Rh5 16. Kh1 Rxf5 17. Rg1 Qf6 18. Rxg7 Qxg7 19. Rg1 Qh8 20. Nb5 O-O-O 21.
Nd6+ Kc7 22. Nxf5 exf5 23. Bxd4 Nxd4 24. Qf4+ d6 25. Bf3 Rg8 26. Rxg8 Qxg8 27.
h3 Qe8 28. Kg2 Qg8+ 29. Kf1 f6 30. Bd1 Qg5 31. Qe3 Kd8 32. Ba4 Qxe3 33. fxe3
Nf3 34. Bd1 Ng5 35. Kg2 Ke7 36. Be2 Ke6 37. Bf1 Ke5 38. Kf2 f4 39. Bg2 fxe3+
40. Kxe3 f5 41. Bf1 f4+ 42. Kd2 Kd4 0-1